| 000 | 01112nam a2200337 a 4500 | ||
|---|---|---|---|
| 999 |
_c7523 _d7523 |
||
| 001 | 991020987069706706 | ||
| 003 | OSt | ||
| 005 | 20211210124947.0 | ||
| 008 | 031029s2003 spco || 001 |aspa|c | ||
| 017 | _aDL B. 17653-2003 | ||
| 020 | _a8408047779 | ||
| 035 | _a(ES-BaCBU)b30259186-34csuc_network | ||
| 035 | _a(ES-BaCBU).b30259186 | ||
| 035 | _a(ccuc001)b30259186 | ||
| 035 | _a(OCoLC)806388632 | ||
| 040 |
_aES-BaCBU _bcat _cCDMR |
||
| 043 |
_ae-sp--- _be-sp--- _2catmarc |
||
| 080 | _a070-05(460) | ||
| 100 | 1 | _aSánchez Sampedro, Amalia | |
| 245 | 1 | 0 |
_aPendientes de la noticia : _bmemorias periodísticas / _cAmalia Sánchez Sampedro ; prólogo de Felipe González |
| 260 |
_aBarcelona : _bPlaneta, _c2003 |
||
| 300 |
_a557 p., [28] p. de làm.; _c24 cm |
||
| 504 | _aÍndex | ||
| 650 | 0 | 4 |
_aPeriodistes _zEspanya _xBiografia |
| 650 | 0 | 4 |
_aPremsa i política _zEspanya _xHistòria _y1975- |
| 700 | 1 |
_aGonzález Márquez, Felipe _d1942- _93593 |
|
| 907 |
_a.b30259186 _b22-06-21 _c08-05-08 _d29-10-03 _em _fa _g- _hspa _ispc _j0 _k1 |
||
| 908 |
_aUAB _aUB |
||
| 940 |
_aCVA1 _dUAB |
||
| 942 |
_2udc _cMON |
||